000 00831nam a2200277Ia 4500
003 OSt
005 20220926032247.0
006 a|||||r|||| 00| 0
007 ta
008 220923b |||||||| |||| 00| 0 eng d
020 _a0700709835
037 _cGeneral Book
040 _aRTL
_cRTL
_beng
041 _2eng
_aeng
082 _aY9(Q7).591.N9, N8
100 _aOzdalga Elisabeth
_9337156
245 0 _aVeiling issue, official secularism and popular Islam in modern Turkey
260 _aSurrey
_bCurzon Press
_c1998
300 _axviii, 105p
_ccm.
490 _aNordic Institute of Asian Studies
500 _aBibliography: P 95-97
650 _a Muslims
_926356
650 _aSociology of Religion
942 _hY9(Q7).591.N9, N8
_cGB
_2CC
999 _c654259
_d654259